[Event "Tournament 14473 - Europe Echecs"]
[Site "Europe Echecs"]
[Date "2020.07.11"]
[Round "6"]
[Time "16:30:57"]
[PlyCount "78"]
[White "FischerThorang"]
[Black "DincovMatei"]
[WhiteElo "1998"]
[BlackElo "1714"]
[Mode "WEB"]
[Result "1-0"]

1. Nf3 d5 2. g3 Nf6 3. Bg2 c6 4. O-O Bf5 5. d3 e6 6. Nbd2 Nbd7 7. b3 h6 8. Bb2
Bd6 9. Re1 Qc7 10. e4 Bg4 11. e5 Nxe5 12. Bxe5 Bxe5 13. Rxe5 Qxe5 14. Nxe5 Bxd1
15. Rxd1 O-O 16. Rb1 a5 17. c4 dxc4 18. bxc4 Rab8 19. Nb3 Rfd8 20. Nxa5 Nd7 21.
Nxd7 Rxd7 22. Nxc6 Ra8 23. Nb4 Ra4 24. Rb3 Rd6 25. a3 b6 26. Nc6 g6 27. Ne7+ Kg7
28. Nc8 Rd8 29. Nxb6 Rb8 30. c5 Ra5 31. Rc3 Rb5 32. Bf3 Rd8 33. a4 Rb1+ 34. Kg2
Kf6 35. Ra3 Rc1 36. c6 Rb8 37. a5 Ke7 38. a6 Rxb6 39. a7 {DincovMatei a abandonné} 1-0

[Event "Tournament 14473 - Europe Echecs"]
[Site "Europe Echecs"]
[Date "2020.07.11"]
[Round "6"]
[Time "16:30:57"]
[PlyCount "135"]
[White "LarmetNino"]
[Black "DenningerGael"]
[WhiteElo "1818"]
[BlackElo "1957"]
[Mode "WEB"]
[Result "0-1"]

1. e4 c6 2. d4 d5 3. e5 c5 4. dxc5 Nc6 5. Bb5 e6 6. Be3 Nge7 7. c3 Nf5 8. Bd4
Be7 9. Nf3 O-O 10. O-O Qc7 11. Re1 a6 12. Bd3 Nfxd4 13. cxd4 f6 14. Nc3 fxe5 15.
Nxe5 Nxe5 16. Rxe5 h6 17. Bc2 Bf6 18. Re3 g5 19. Qd3 Qg7 20. Rd1 Bd7 21. a4 Kh8
22. Ne2 Be7 23. Ng3 g4 24. Ree1 Qf7 25. Rf1 Bh4 26. Qe2 Bxg3 27. fxg3 Qg7 28.
Qd3 Rf5 29. Rxf5 exf5 30. Re1 Rc8 31. Qe3 b6 32. b4 bxc5 33. bxc5 Qf6 34. Qe5
Kg7 35. a5 Qxe5 36. Rxe5 Rb8 37. Bxf5 Bc6 38. Re6 Bb5 39. Rg6+ Kf7 40. Rxg4 Re8
41. Rf4 Kg7 42. Rg4+ Kf6 43. Bg6 Re1+ 44. Kf2 Re2+ 45. Kf3 Ra2 46. Bh7 Be2+ 47.
Kf4 Bxg4 48. Kxg4 Rxa5 49. c6 Ra4 50. Bf5 Rxd4+ 51. Kh5 Kxf5 52. g4+ Kf6 53. h4
Rc4 54. g5+ hxg5 55. hxg5+ Kg7 56. c7 Rxc7 57. g6 Re7 58. g4 d4 59. g5 d3 60.
Kh4 Kxg6 61. Kh3 d2 62. Kh2 d1=Q 63. Kg3 Qf1 64. Kh2 Re2+ 65. Kg3 Qf2+ 66. Kg4
Re4+ 67. Kh3 Rh4# {LarmetNino est échec et mat} 0-1

[Event "Tournament 14473 - Europe Echecs"]
[Site "Europe Echecs"]
[Date "2020.07.11"]
[Round "6"]
[Time "16:30:57"]
[PlyCount "67"]
[White "LecciaAntoine"]
[Black "BuffinJean"]
[WhiteElo "1950"]
[BlackElo "1711"]
[Mode "WEB"]
[Result "0-1"]

1. d4 d5 2. Nf3 Nf6 3. e3 c5 4. Nbd2 Bf5 5. dxc5 e6 6. b4 Nc6 7. Bb5 Be7 8. Nd4
Qc7 9. Nxf5 exf5 10. O-O O-O 11. a3 a5 12. c3 axb4 13. Bxc6 bxc3 14. Bb5 cxd2
15. Bxd2 Bxc5 16. a4 Ng4 17. g3 Qb6 18. h3 Ne5 19. Bc3 Qd6 20. Rc1 b6 21. Qc2
Qe6 22. Kg2 Nc4 23. Qd3 Qe4+ 24. Qxe4 fxe4 25. Bc6 Rad8 26. Rfd1 Bxe3 27. fxe3
Nxe3+ 28. Kf2 Nxd1+ 29. Rxd1 Rc8 30. Bxd5 Rxc3 31. Rd4 e3+ 32. Kf3 Re8 33. Rf4
e2+ {LecciaAntoine a abandonné} 0-1

[Event "Tournament 14473 - Europe Echecs"]
[Site "Europe Echecs"]
[Date "2020.07.11"]
[Round "6"]
[Time "16:30:57"]
[PlyCount "50"]
[White "CombaudonNatha"]
[Black "LecciaThomas"]
[WhiteElo "1805"]
[BlackElo "1893"]
[Mode "WEB"]
[Result "1-0"]

1. c4 e5 2. Nc3 Nc6 3. g3 g6 4. Bg2 Bg7 5. Nf3 d6 6. O-O Nf6 7. d4 O-O 8. d5 Ne7
9. e4 Bd7 10. b4 Qc8 11. a4 Bh3 12. c5 Nh5 13. Ba3 Bxg2 14. Kxg2 f5 15. cxd6
cxd6 16. Rc1 fxe4 17. Nxe4 Qg4 18. Nxd6 Nf4+ 19. Kh1 Nfxd5 20. Nh4 Qd7 21. b5 a6
22. Kg2 axb5 23. Nxb5 Rxa4 24. Qxa4 Qg4 25. Qxg4 {LecciaThomas a abandonné} 1-0

[Event "Tournament 14473 - Europe Echecs"]
[Site "Europe Echecs"]
[Date "2020.07.11"]
[Round "6"]
[Time "16:30:57"]
[PlyCount "74"]
[White "ChabaudMathis"]
[Black "DelinValere"]
[WhiteElo "1920"]
[BlackElo "2043"]
[Mode "WEB"]
[Result "1-0"]

1. d4 Nf6 2. Bf4 g6 3. Nc3 Bg7 4. e4 d6 5. Qd2 O-O 6. O-O-O a6 7. f3 b5 8. Kb1
Nbd7 9. Bh6 c5 10. Bxg7 Kxg7 11. e5 Ng8 12. exd6 exd6 13. h4 h5 14. g4 Ngf6 15.
dxc5 dxc5 16. g5 Ng8 17. Bh3 Ra7 18. Ne4 Qc7 19. Bxd7 Bxd7 20. Qc3+ Kh7 21. Qxc5
Qb8 22. Ne2 Bf5 23. N2g3 Rc8 24. Qe3 Be6 25. Nd6 Rc6 26. Nge4 Rd7 27. Qf4 Qc7
28. Rd2 Ne7 29. Rhd1 Ng8 30. Qe3 Re7 31. c3 Bf5 32. Qd4 Bxe4+ 33. Nxe4 Rce6 34.
Qd8 Qf4 35. Rd7 Re8 36. Qc7 R6e7 37. Qxf4 {DelinValere a abandonné} 1-0

[Event "Tournament 14473 - Europe Echecs"]
[Site "Europe Echecs"]
[Date "2020.07.11"]
[Round "6"]
[Time "16:30:57"]
[PlyCount "49"]
[White "RobineGuillaum"]
[Black "BriandAmaury"]
[WhiteElo "1571"]
[BlackElo "1929"]
[Mode "WEB"]
[Result "0-1"]

1. e4 e5 2. Nf3 Nc6 3. d4 exd4 4. Nxd4 Qf6 5. Nb3 Bb4+ 6. c3 Be7 7. Be2 Qg6 8.
N1d2 Qxg2 9. Bf3 Qg6 10. Nc4 d6 11. Be3 Be6 12. Qd3 O-O-O 13. O-O-O Bxc4 14.
Qxc4 Ne5 15. Qa4 Nxf3 16. Qxa7 Kd7 17. Qxb7 Ke8 18. Qxc7 Nf6 19. Qc6+ Nd7 20.
Bb6 Rb8 21. Nc5 Nfe5 22. Qc7 Rxb6 23. Rhg1 Qh6+ 24. Kb1 Bd8 {RobineGuillaum a abandonné} 0-1

[Event "Tournament 14473 - Europe Echecs"]
[Site "Europe Echecs"]
[Date "2020.07.11"]
[Round "6"]
[Time "16:30:57"]
[PlyCount "89"]
[White "GuitouniSoha"]
[Black "BruneauLilian"]
[WhiteElo "1780"]
[BlackElo "1386"]
[Mode "WEB"]
[Result "1-0"]

1. e4 d5 2. exd5 Qxd5 3. Nc3 Qa5 4. d4 c6 5. Bc4 Nf6 6. Bd2 Qc7 7. Nf3 Bf5 8.
O-O e6 9. Ne2 Nbd7 10. Ng3 Bg6 11. Nh4 Bd6 12. Re1 O-O-O 13. a4 Bxg3 14. hxg3
Nb6 15. Bf4 Qd7 16. Bb3 Qxd4 17. Qe2 Qd7 18. Qe5 Qd6 19. Qxd6 Rxd6 20. Bxd6 Rd8
21. Bf4 Nbd5 22. Nxg6 hxg6 23. Rad1 Rd7 24. Bg5 a6 25. Bxf6 gxf6 26. c4 Ne7 27.
Rxd7 Kxd7 28. Rd1+ Kc7 29. Bc2 Nc8 30. Kf1 Nb6 31. b3 Nd7 32. Ke2 Ne5 33. Rh1 b5
34. axb5 axb5 35. cxb5 cxb5 36. Rh7 Kb6 37. f4 Nc6 38. Rxf7 f5 39. Rg7 Kc5 40.
Rxg6 Kb4 41. Kd3 Kc5 42. Rxe6 Nd4 43. Re5+ Kb4 44. Kxd4 Ka5 {BruneauLilian a abandonné} 1-0

[Event "Tournament 14473 - Europe Echecs"]
[Site "Europe Echecs"]
[Date "2020.07.11"]
[Round "6"]
[Time "16:30:57"]
[PlyCount "160"]
[White "GroussetNathan"]
[Black "RubsamenAnais"]
[WhiteElo "1476"]
[BlackElo "1692"]
[Mode "WEB"]
[Result "1/2-1/2"]

1. e4 g6 2. d4 Bg7 3. Nf3 c6 4. Bc4 d5 5. exd5 cxd5 6. Bb3 Nf6 7. O-O O-O 8. Bg5
Bg4 9. h3 Bxf3 10. Qxf3 Ne4 11. Qe3 Nxg5 12. Qxg5 Bxd4 13. c3 Bg7 14. Qxd5 Qc7
15. Re1 e6 16. Qf3 Nc6 17. Nd2 Ne5 18. Qg3 Rac8 19. Nf3 Nd3 20. Qxc7 Rxc7 21.
Re2 Rd8 22. Rd1 Rcd7 23. Bc4 Ne5 24. Rxd7 Nxf3+ 25. gxf3 Rxd7 26. Kg2 Kf8 27.
Bb5 Rd5 28. Bc4 Rg5+ 29. Kf1 b5 30. Bb3 a5 31. Re4 Rh5 32. Kg2 Rg5+ 33. Kf1 Rc5
34. Ke2 a4 35. Bc2 a3 36. b3 Rxc3 37. Bd3 Rc1 38. Bxb5 Rc2+ 39. Ke3 Rxa2 40. Ra4
Ra1 41. Bc4 a2 42. Kd2 Bh6+ 43. Kc2 Rc1+ 44. Kb2 a1=Q+ 45. Rxa1 Rxa1 46. Kxa1
Bd2 47. Kb1 Ke7 48. Kc2 Be1 49. Kd3 Bxf2 50. Ke2 Bg1 51. Kd3 Kd6 52. Ke4 f6 53.
Kd3 f5 54. Ke2 e5 55. b4 h6 56. b5 g5 57. Kf1 Ba7 58. Bd3 Ke6 59. Kg2 h5 60. Bc2
Kf6 61. Bd3 f4 62. Be4 g4 63. hxg4 hxg4 64. fxg4 Kg5 65. Kh3 Bf2 66. Bc6 Kg6 67.
Be4+ Kg5 68. Bc6 Kg6 69. Be4+ Kf6 70. Bc6 Ke6 71. Be4 Ke7 72. Kg2 Be3 73. Kf3
Kf6 74. Bc6 Kg5 75. Be4 Kh4 76. Bf5 Bc1 77. Ke4 Be3 78. Kf3 Kg5 79. Ke4 Kh4 80.
Kf3 {Nulle par répétition} 1/2-1/2

[Event "Tournament 14473 - Europe Echecs"]
[Site "Europe Echecs"]
[Date "2020.07.11"]
[Round "6"]
[Time "16:30:57"]
[PlyCount "56"]
[White "ShvedJakov"]
[Black "ChelliliYounes"]
[WhiteElo "1667"]
[BlackElo "1101"]
[Mode "WEB"]
[Result "1-0"]

1. e4 e5 2. Nf3 Nc6 3. Bc4 Bc5 4. c3 Bb6 5. d4 exd4 6. cxd4 Nge7 7. Ng5 O-O 8.
Qh5 h6 9. Nxf7 Kh7 10. Nxd8 Nxd8 11. Bd3 g6 12. Qxh6+ Kg8 13. Bc4+ Nf7 14. Bg5
Ba5+ 15. Ke2 Re8 16. Bxe7 Rxe7 17. Qxg6+ Kf8 18. Bxf7 Rxf7 19. h4 Rg7 20. Qf5+
Kg8 21. Qxa5 Rxg2 22. h5 Rg4 23. Nc3 c6 24. e5 b6 25. Qb4 a5 26. Qe7 Rg7 27.
Rag1 Bb7 28. Qxg7# {ChelliliYounes est échec et mat} 1-0

[Event "Tournament 14473 - Europe Echecs"]
[Site "Europe Echecs"]
[Date "2020.07.11"]
[Round "6"]
[Time "16:30:57"]
[PlyCount "106"]
[White "DecurningeBric"]
[Black "RebenaFlorian"]
[WhiteElo "1582"]
[BlackElo "1081"]
[Mode "WEB"]
[Result "1-0"]

1. e4 e5 2. Nf3 Nc6 3. Bc4 Bc5 4. c3 d6 5. d4 Bb6 6. dxe5 dxe5 7. Qxd8+ Kxd8 8.
Bxf7 Nf6 9. Bd5 Ng4 10. O-O Ne7 11. Bb3 Ng6 12. Nbd2 Bd7 13. Nc4 Bc5 14. h3 Nf6
15. Nfxe5 Nxe5 16. Nxe5 Nxe4 17. Nf7+ Kc8 18. Nxh8 Bb5 19. Be6+ Kb8 20. c4 Ba6
21. Be3 b5 22. Bd5 Bb7 23. Bxe4 Bxe4 24. Bxc5 bxc4 25. Rfe1 Bd5 26. Re8+ Kb7 27.
Rxa8 Kxa8 28. Re1 Kb7 29. Re7 Kc6 30. Bxa7 Kb5 31. Rxc7 Kb4 32. Rxg7 c3 33.
bxc3+ Kxc3 34. Rxh7 Bxa2 35. g4 Kd3 36. Re7 Kc4 37. g5 Kd5 38. g6 Kd6 39. Re3
Kc7 40. g7 Kb7 41. Bd4 Kc7 42. f4 Kd6 43. f5 Kd7 44. f6 Be6 45. Rxe6 Kxe6 46.
g8=Q+ Kf5 47. f7 Ke4 48. f8=Q Kxd4 49. Qb4+ Kd3 50. Qg3+ Kc2 51. Qgc3+ Kd1 52.
Qb1+ Ke2 53. Qbd3# {RebenaFlorian est échec et mat} 1-0

[Event "Tournament 14473 - Europe Echecs"]
[Site "Europe Echecs"]
[Date "2020.07.11"]
[Round "6"]
[Time "16:30:57"]
[PlyCount "93"]
[White "WittenbergSere"]
[Black "ParalieuMaxime"]
[WhiteElo "1447"]
[BlackElo "1569"]
[Mode "WEB"]
[Result "0-1"]

1. e4 e5 2. Nf3 Nc6 3. Nc3 Nf6 4. Bb5 Bb4 5. O-O d6 6. d3 h6 7. a3 Bxc3 8. bxc3
O-O 9. h3 Ne7 10. Re1 Ng6 11. d4 exd4 12. cxd4 c6 13. Bd3 Be6 14. c4 d5 15. exd5
cxd5 16. Bxg6 fxg6 17. Rxe6 dxc4 18. Bb2 Nd5 19. Qc2 Rc8 20. Bc3 Nf4 21. Ree1
Nd3 22. Re3 Qc7 23. Ne5 Rxf2 24. Qa4 Rf6 25. Nxd3 cxd3 26. Qb3+ Kh7 27. Rxd3 Qf4
28. Rf3 Qg5 29. Rxf6 Qxf6 30. Rf1 Qc6 31. Rc1 Qe4 32. Qc2 Qf4 33. Qd2 Qe4 34.
Kh1 a6 35. Bb2 Rf8 36. Bc3 b5 37. Bb4 Rd8 38. Bc3 Rd5 39. Re1 Qf5 40. Qe2 Qc8
41. Bb2 Qf8 42. Qf1 Qd6 43. Qf3 Rf5 44. Qe3 Rh5 45. Qf3 Qd7 46. Qg4 Qxg4 {WittenbergSere a abandonné} 0-1

[Event "Tournament 14473 - Europe Echecs"]
[Site "Europe Echecs"]
[Date "2020.07.11"]
[Round "6"]
[Time "16:30:57"]
[PlyCount "48"]
[White "BenamarRayan"]
[Black "LiJacques"]
[WhiteElo "1558"]
[BlackElo "1076"]
[Mode "WEB"]
[Result "1-0"]

1. d4 Nf6 2. f4 g6 3. Nf3 Bg7 4. e3 d6 5. Bd3 Nc6 6. c3 e6 7. O-O O-O 8. e4 Nd7
9. f5 exf5 10. exf5 Nb6 11. Bg5 f6 12. Bh4 Bxf5 13. Bxf5 gxf5 14. Nfd2 d5 15.
Rxf5 Ne7 16. Rh5 Qe8 17. Nb3 Qg6 18. Nc5 Nf5 19. Bf2 Nc4 20. Qf3 Nxb2 21. Rxf5
Nc4 22. Ne6 Rfc8 23. Nxg7 Kxg7 24. Qg3 {LiJacques a abandonné} 1-0

[Event "Tournament 14473 - Europe Echecs"]
[Site "Europe Echecs"]
[Date "2020.07.11"]
[Round "6"]
[Time "16:30:57"]
[PlyCount "64"]
[White "BruguierFloria"]
[Black "FondratJohan"]
[WhiteElo "1422"]
[BlackElo "1509"]
[Mode "WEB"]
[Result "1-0"]

1. e4 c5 2. Nc3 Nc6 3. f4 g6 4. Nf3 d6 5. Bc4 Bg7 6. O-O Bg4 7. Qe1 Bxf3 8. Rxf3
Nd4 9. Rf1 Nxc2 10. Qd1 Nxa1 11. d3 a6 12. a4 e6 13. f5 exf5 14. exf5 Nf6 15.
Bg5 O-O 16. Qxa1 Kh8 17. Qe1 Qd7 18. Qh4 d5 19. Bxf6 dxc4 20. Bxg7+ Kxg7 21. f6+
Kh8 22. Qh6 Rg8 23. Ne4 Qd4+ 24. Kh1 Qxd3 25. Ng3 Rae8 26. Kg1 Qd4+ 27. Kh1 Re5
28. h3 Qd3 29. Kh2 Re3 30. Rf4 Rxg3 31. Qxh7+ Kxh7 32. Rh4# {FondratJohan est échec et mat} 1-0

[Event "Tournament 14473 - Europe Echecs"]
[Site "Europe Echecs"]
[Date "2020.07.11"]
[Round "6"]
[Time "16:30:57"]
[PlyCount "64"]
[White "KrzymanskiLeo"]
[Black "GerardKelian"]
[WhiteElo "1506"]
[BlackElo "1056"]
[Mode "WEB"]
[Result "1-0"]

1. c4 e5 2. Nc3 f5 3. g3 d6 4. Bg2 Nf6 5. e3 Be6 6. Nge2 Bxc4 7. Qa4+ Nc6 8.
Qxc4 e4 9. d3 d5 10. Qb5 exd3 11. Qxd3 Bb4 12. Qxf5 d4 13. Bxc6+ bxc6 14. Nxd4
c5 15. Nc6 Bxc3+ 16. bxc3 Qd6 17. Qe5+ Kd7 18. Qxd6+ Kxd6 19. Na5 Ne4 20. O-O
Nxc3 21. Bb2 Ne2+ 22. Kg2 Rhg8 23. Rfe1 Rab8 24. Rxe2 c4 25. Nxc4+ Kc5 26. Rc1
Rgd8 27. Ba3+ Kb5 28. Rb2+ Ka4 29. Rcb1 Rxb2 30. Rxb2 c5 31. Bxc5 Rc8 32. Rb4# {GerardKelian est échec et mat} 1-0

[Event "Tournament 14473 - Europe Echecs"]
[Site "Europe Echecs"]
[Date "2020.07.11"]
[Round "6"]
[Time "16:30:57"]
[PlyCount "83"]
[White "SwietlikCharle"]
[Black "ParisRomain"]
[WhiteElo "1388"]
[BlackElo "1486"]
[Mode "WEB"]
[Result "0-1"]

1. e4 e6 2. d4 d5 3. e5 c5 4. Nf3 Nc6 5. Be3 Qb6 6. b3 cxd4 7. Nxd4 Bc5 8. Nxc6
Bxe3 9. fxe3 Qxe3+ 10. Qe2 Qxe2+ 11. Bxe2 bxc6 12. Nc3 Ne7 13. O-O-O Ng6 14.
Rhe1 Nxe5 15. Bh5 Ng6 16. Na4 Kd7 17. Rf1 f6 18. g4 Kd6 19. c4 e5 20. cxd5 cxd5
21. Nc3 Be6 22. Bxg6 hxg6 23. Rf2 Rac8 24. Kb2 a6 25. Rfd2 d4 26. Ne4+ Kd5 27.
Re1 Bxg4 28. Nf2 Rxh2 29. Rg1 Bf5 30. Rgd1 Rh4 31. Nd3 Bxd3 32. Rxd3 Rh2+ 33.
Ka3 Rcc2 34. Rf3 a5 35. Ka4 Rxa2+ 36. Kb5 e4 37. Rg3 g5 38. Rf1 e3 39. Rgf3 e2
40. Re1 Ke4 41. Rxf6 gxf6 {SwietlikCharle a abandonné} 0-1

[Event "Tournament 14473 - Europe Echecs"]
[Site "Europe Echecs"]
[Date "2020.07.11"]
[Round "6"]
[Time "16:30:57"]
[PlyCount "48"]
[White "LeforestierEnz"]
[Black "RusuCarloman"]
[WhiteElo "1350"]
[BlackElo "1357"]
[Mode "WEB"]
[Result "1-0"]

1. b3 e5 2. Bb2 Nc6 3. e3 d5 4. Bb5 Bd6 5. Nf3 Bg4 6. h3 Bxf3 7. Qxf3 Nf6 8. Nc3
a6 9. Bxc6+ bxc6 10. O-O O-O 11. Rad1 Qd7 12. e4 Bc5 13. d3 Rfe8 14. Na4 Ba7 15.
Qg3 Qe7 16. Kh1 dxe4 17. f4 exf4 18. Rxf4 Nh5 19. Qg4 g6 20. Rxe4 Qd6 21. Rde1
Ng3+ 22. Qxg3 Qxg3 23. Rxe8+ Rxe8 24. Rxe8# {RusuCarloman est échec et mat} 1-0

[Event "Tournament 14473 - Europe Echecs"]
[Site "Europe Echecs"]
[Date "2020.07.11"]
[Round "6"]
[Time "16:30:57"]
[PlyCount "75"]
[White "LemaireVivien"]
[Black "SoaresDeMeloNa"]
[WhiteElo "1471"]
[BlackElo "1183"]
[Mode "WEB"]
[Result "0-1"]

1. c4 c5 2. Nc3 Nc6 3. g3 g6 4. Bg2 Nf6 5. d3 Bg7 6. Nf3 O-O 7. O-O e6 8. Bf4 a6
9. Bd6 Re8 10. Bxc5 d5 11. e3 e5 12. Ne1 d4 13. Ne4 Nxe4 14. Bxe4 Qa5 15. Bxc6
bxc6 16. b4 Qd8 17. Nf3 a5 18. exd4 exd4 19. Qa4 Bh3 20. Rfe1 axb4 21. Rxe8+
Qxe8 22. Qxb4 Rb8 23. Qa4 Ra8 24. Qb3 Qe6 25. Nxd4 Bxd4 26. Bxd4 c5 27. Bxc5 Qc6
28. f3 Qxc5+ 29. Kh1 Qf2 30. Rg1 Rxa2 31. Qb8+ Kg7 32. Qe5+ f6 33. Qe7+ Kh6 34.
Qf8+ Kg5 35. f4+ Kh5 36. g4+ Bxg4 37. Rxg4 Qxh2# {LemaireVivien est échec et mat} 0-1

[Event "Tournament 14473 - Europe Echecs"]
[Site "Europe Echecs"]
[Date "2020.07.11"]
[Round "6"]
[Time "16:30:57"]
[PlyCount "52"]
[White "GavilaQuentin"]
[Black "MartignoniMarg"]
[WhiteElo "1199"]
[BlackElo "1500"]
[Mode "WEB"]
[Result "1-0"]

1. e4 e5 2. Nf3 Nc6 3. d4 exd4 4. Nxd4 Nf6 5. Nc3 Bb4 6. Nxc6 bxc6 7. Bd3 Qe7 8.
O-O O-O 9. Bg5 Bxc3 10. bxc3 Qe5 11. Bd2 d6 12. f4 Qc5+ 13. Kh1 Bg4 14. Qe1 Rfe8
15. h3 Bh5 16. g4 Nxe4 17. Bxe4 Bxg4 18. hxg4 d5 19. Be3 Rxe4 20. Bxc5 Rxe1 21.
Raxe1 Rb8 22. Re7 g6 23. Rfe1 Rb2 24. Bd4 h6 25. Re8+ Kh7 26. Rh8# {MartignoniMarg est échec et mat} 1-0

[Event "Tournament 14473 - Europe Echecs"]
[Site "Europe Echecs"]
[Date "2020.07.11"]
[Round "6"]
[Time "16:30:57"]
[PlyCount "54"]
[White "EricAndrianaFi"]
[Black "LemiereCharlot"]
[WhiteElo "1401"]
[BlackElo "1351"]
[Mode "WEB"]
[Result "1-0"]

1. e4 e6 2. d3 d5 3. Nd2 c5 4. g3 Nc6 5. Bg2 Nge7 6. Ngf3 Bd7 7. O-O g6 8. Re1
Bg7 9. Nf1 O-O 10. e5 Qc7 11. Bf4 Qb6 12. Rb1 a6 13. h4 Qc7 14. N1h2 b5 15. g4
c4 16. h5 gxh5 17. gxh5 h6 18. Ng4 Nf5 19. Bh3 Kh8 20. Qd2 Qb6 21. Nxh6 Nxh6 22.
Bxh6 Nd4 23. Bxg7+ Kxg7 24. Qg5+ Kh8 25. Qh6+ Kg8 26. Ng5 f5 27. Qh7# {LemiereCharlot est échec et mat} 1-0

[Event "Tournament 14473 - Europe Echecs"]
[Site "Europe Echecs"]
[Date "2020.07.11"]
[Round "6"]
[Time "16:30:57"]
[PlyCount "31"]
[White "TaffouraudWill"]
[Black "HalilovicDario"]
[WhiteElo "1199"]
[BlackElo "1170"]
[Mode "WEB"]
[Result "0-1"]

1. e4 e5 2. Nc3 Nf6 3. Nf3 Nc6 4. b3 Bc5 5. Bc4 d6 6. Bb2 O-O 7. O-O Bg4 8. Rc1
Nd4 9. h3 Nxf3+ 10. gxf3 Bxh3 11. Re1 Nh5 12. Kh2 Nf4 13. Rh1 Qg5 14. Bf1 Bxf2
15. Bxh3 Qg3# {TaffouraudWill est échec et mat} 0-1

[Event "Tournament 14473 - Europe Echecs"]
[Site "Europe Echecs"]
[Date "2020.07.11"]
[Round "7"]
[Time "17:11:00"]
[PlyCount "72"]
[White "HingouetMatthi"]
[Black "SayaEthan"]
[WhiteElo "2228"]
[BlackElo "2199"]
[Mode "WEB"]
[Result "1-0"]

1. d4 Nf6 2. c4 e6 3. Nc3 Bb4 4. e3 b6 5. Nf3 Bb7 6. Bd3 Ne4 7. Qc2 f5 8. O-O
Bxc3 9. bxc3 O-O 10. Nd2 Nxd2 11. Bxd2 Qh4 12. f3 d6 13. d5 exd5 14. cxd5 Bxd5
15. Bxf5 Nc6 16. c4 Qxc4 17. Bxh7+ Kh8 18. Qxc4 Bxc4 19. Rfc1 d5 20. Bc2 Ne5 21.
h4 Rae8 22. h5 c5 23. Bc3 Kg8 24. Rd1 Nxf3+ 25. gxf3 Rxe3 26. Be1 Rfxf3 27. Bg6
Re2 28. Rd2 Rf1+ 29. Kxf1 Rxd2+ 30. Kg1 Rxa2 31. Rc1 b5 32. Bg3 d4 33. Bd6 b4
34. Rxc4 b3 35. Rxc5 Rc2 36. Bxc2 {SayaEthan a abandonné} 1-0

[Event "Tournament 14473 - Europe Echecs"]
[Site "Europe Echecs"]
[Date "2020.07.11"]
[Round "7"]
[Time "17:11:00"]
[PlyCount "56"]
[White "KuhnClement"]
[Black "JolyJulien"]
[WhiteElo "2150"]
[BlackElo "2188"]
[Mode "WEB"]
[Result "1-0"]

1. e4 c5 2. Nf3 e6 3. d4 cxd4 4. Nxd4 Nf6 5. Nc3 Nc6 6. Ndb5 Bc5 7. Nd6+ Ke7 8.
Bf4 e5 9. Nf5+ Kf8 10. Bg5 d6 11. Bc4 Bxf5 12. exf5 h6 13. Bh4 Ne7 14. Bxf6 gxf6
15. Qh5 Rh7 16. O-O-O Rc8 17. Ne4 Ng8 18. Rd3 Bd4 19. Bb3 d5 20. Nd2 Ne7 21. Kb1
b5 22. c3 Bb6 23. Ne4 Rc6 24. Bxd5 Nxd5 25. Rhd1 Nxc3+ 26. Rxc3 Qe8 27. Nd6 Qa8
28. Qf3 {JolyJulien a abandonné} 1-0

[Event "Tournament 14473 - Europe Echecs"]
[Site "Europe Echecs"]
[Date "2020.07.11"]
[Round "7"]
[Time "17:11:00"]
[PlyCount "67"]
[White "RobertYoann"]
[Black "Razafindratsim"]
[WhiteElo "2071"]
[BlackElo "2336"]
[Mode "WEB"]
[Result "0-1"]

1. b3 e5 2. Bb2 Nc6 3. e3 d5 4. Bb5 Bd6 5. f4 Qe7 6. Nf3 Bg4 7. fxe5 Bxe5 8.
Bxe5 Bxf3 9. Qxf3 Qxe5 10. O-O Nf6 11. Bxc6+ bxc6 12. Nc3 O-O 13. Qf4 Qe7 14.
Ne2 Ne4 15. d3 Nd6 16. Rf3 Rfe8 17. Raf1 a5 18. a4 c5 19. Qg4 f5 20. Qh5 d4 21.
Nf4 dxe3 22. Nd5 Qe5 23. Nxe3 Qd4 24. Qg5 h6 25. Qg3 Rxe3 26. Rxe3 Re8 27. Rfe1
f4 28. c3 Qxe3+ 29. Rxe3 fxg3 30. Rxg3 Re2 31. d4 cxd4 32. cxd4 Ne4 33. Rf3 Re1+ {RobertYoann a abandonné} 0-1

[Event "Tournament 14473 - Europe Echecs"]
[Site "Europe Echecs"]
[Date "2020.07.11"]
[Round "7"]
[Time "17:11:00"]
[PlyCount "80"]
[White "TravadonLoic"]
[Black "DalaudDorian"]
[WhiteElo "2431"]
[BlackElo "2242"]
[Mode "WEB"]
[Result "1-0"]

1. d4 Nf6 2. c4 g6 3. Nc3 d5 4. Nf3 Bg7 5. e3 O-O 6. cxd5 Nxd5 7. Bc4 Nxc3 8.
bxc3 c5 9. h4 cxd4 10. cxd4 Nc6 11. h5 Bg4 12. hxg6 hxg6 13. Bb2 Rc8 14. Bb3
Qa5+ 15. Kf1 Qb5+ 16. Kg1 Na5 17. Ba3 Nxb3 18. axb3 Bxf3 19. Qxf3 Qxb3 20. Qh3
f5 21. Bxe7 Rfe8 22. Bd6 Kf7 23. Qf3 Re4 24. Rh7 Rh8 25. Rxg7+ Kxg7 26. Be5+ Kg8
27. Bxh8 Kxh8 28. Qh3+ Kg7 29. Rxa7 Qb1+ 30. Kh2 Qb6 31. Ra8 Qc7+ 32. f4 Kf6 33.
Qh8+ Ke6 34. Rd8 Rxe3 35. Qe8+ Kf6 36. Qf8+ Qf7 37. Qh8+ Ke7 38. Rb8 Rb3 39.
Qd8+ Ke6 40. d5# {DalaudDorian est échec et mat} 1-0

[Event "Tournament 14473 - Europe Echecs"]
[Site "Europe Echecs"]
[Date "2020.07.11"]
[Round "7"]
[Time "17:11:00"]
[PlyCount "185"]
[White "DroinAugustin"]
[Black "RobertMathias"]
[WhiteElo "2313"]
[BlackElo "2140"]
[Mode "WEB"]
[Result "1/2-1/2"]

1. e4 c5 2. Nf3 Nc6 3. Bb5 g6 4. O-O Bg7 5. Nc3 a6 6. Bxc6 bxc6 7. e5 Nh6 8. d3
O-O 9. Bf4 f6 10. exf6 exf6 11. Ne4 Nf7 12. Nxc5 d6 13. Nb3 h5 14. d4 Be6 15.
Re1 Qd7 16. Qd3 g5 17. Be3 Bf5 18. Qd1 Nh8 19. d5 c5 20. Nfd2 Rae8 21. Nc4 Re4
22. Nbd2 Re7 23. Nf1 h4 24. Bd2 Rxe1 25. Bxe1 h3 26. Nfe3 hxg2 27. Nxf5 Qxf5 28.
Qd3 Qxd3 29. cxd3 Rd8 30. Kxg2 Ng6 31. Bd2 Ne5 32. Ba5 Rd7 33. Rd1 Bf8 34. b3
Ng6 35. Bd2 Rd8 36. Re1 Ne5 37. Re3 Kf7 38. Bc3 Ng6 39. Kf1 Nf4 40. Nb6 Be7 41.
d4 Rb8 42. dxc5 dxc5 43. Nc4 Nxd5 44. Rd3 Nxc3 45. Rxc3 Rd8 46. Ke2 Rh8 47. h3
Rd8 48. Re3 Rd4 49. Rd3 Re4+ 50. Re3 Rd4 51. Rd3 Re4+ 52. Kf3 Rf4+ 53. Kg2 Re4
54. Kf1 Ke6 55. f3 Rh4 56. Re3+ Kf7 57. Kg2 Rd4 58. Re4 Rd1 59. h4 f5 60. Re5
gxh4 61. Rxf5+ Kg6 62. Re5 Bf6 63. Re6 Kf5 64. Rxa6 Bd4 65. Rd6 Rg1+ 66. Kh2 Rc1
67. a4 Kf4 68. Rh6 Bf2 69. Rf6+ Kg5 70. Rd6 Bg3+ 71. Kg2 Rc2+ 72. Rd2 Rc3 73. a5
Rxb3 74. a6 Rb8 75. a7 Ra8 76. Ra2 Bc7 77. Ra6 Kf4 78. Na3 h3+ 79. Kxh3 Kxf3 80.
Kh4 Ke4 81. Nb5 Bb8 82. axb8=Q Rxb8 83. Nd6+ Kd5 84. Kg4 c4 85. Nf5 c3 86. Ra2
Rb2 87. Ra3 Kc4 88. Ne3+ Kd3 89. Kf3 Rb8 90. Nd5 Rc8 91. Nxc3 Rxc3 92. Rxc3+
Kxc3 {Aucun joueur n'a le mat&eacute;riel pour mater} 1/2-1/2

[Event "Tournament 14473 - Europe Echecs"]
[Site "Europe Echecs"]
[Date "2020.07.11"]
[Round "7"]
[Time "17:11:00"]
[PlyCount "103"]
[White "CavaillesEvan"]
[Black "MathieuPhileas"]
[WhiteElo "2018"]
[BlackElo "2214"]
[Mode "WEB"]
[Result "1/2-1/2"]

1. e4 c5 2. Nf3 Nc6 3. d4 cxd4 4. Nxd4 Nf6 5. Nc3 d6 6. f3 e5 7. Nb3 Be7 8. Be3
Be6 9. Qd2 d5 10. exd5 Nxd5 11. Nxd5 Qxd5 12. Qxd5 Bxd5 13. O-O-O O-O-O 14. Bb5
a6 15. Be2 Be6 16. Nc5 Bxc5 17. Bxc5 Rxd1+ 18. Rxd1 Rd8 19. Bd3 h5 20. a3 Kc7
21. b3 f5 22. c4 Na5 23. Bc2 Rxd1+ 24. Kxd1 Nc6 25. Kd2 g6 26. Kc3 Nd8 27. b4
Nf7 28. a4 h4 29. Bf2 h3 30. g3 Ng5 31. Bd1 Bd7 32. b5 axb5 33. axb5 Bc8 34. c5
Be6 35. b6+ Kc8 36. Be3 Nh7 37. f4 exf4 38. Bxf4 Nf6 39. Kd4 Ne4 40. Bf3 g5 41.
Bc1 g4 42. Bxe4 fxe4 43. Kxe4 Kd7 44. Ke5 Bb3 45. Kd4 Kc6 46. Bf4 Bd1 47. Be5
Bf3 48. Bf4 Bg2 49. Be5 Bf3 50. Bf4 Bg2 51. Be5 Bf3 {Nulle par répétition} 1/2-1/2